La cultura medieval /

Guardado en:
Autor Principal: Pérez Gambini, Carlos
Formato: Libro
Publicado: España : Cincel/kapelusz, 1980
Series:Historia universal, 16
Materias:
Etiquetas: Agregar Etiqueta
Sin Etiquetas, Sea el primero en etiquetar este registro!
LEADER 00529nam a22001935a 4500
001 CEM.cems007346
005 20060214000000.0
008 130507s1980##################000#0#####d
003 CEMS
082 0 4 |a 940.1 
100 1 |a Pérez Gambini, Carlos 
245 1 0 |a La cultura medieval / 
260 |a España :  |b Cincel/kapelusz,  |c 1980 
300 |a 64 p. 
490 0 |a Historia universal, 16 
653 |a Cultura medieval 
653 |a Historia 
653 |a Historia medieval 
859 |a CEMS  |b BIB. CEMS - 11 de abril  |h 940.1  |i P415  |p 13677.86  |t Ej.1